13 pintors catalans entorn a l'amic Lluís Gallart (Record no. 14793)

MARC details
000 -LEADER
campo de control de longitud fija 00891nam a2200253 i 4500
001 - NÚMERO DE CONTROL
campo de control 14793
003 - IDENTIFICADOR DE NÚMERO DE CONTROL
campo de control ES-MaACL
005 - FECHA Y HORA DE LA ÚLTIMA TRANSACCIÓN
campo de control 20230906150906.0
007 - CAMPO FIJO DE DESCRIPCIÓN FÍSICA--INFORMACIÓN GENERAL
campo de control de longitud fija t|
008 - DATOS DE LONGITUD FIJA--INFORMACIÓN GENERAL
campo de control de longitud fija 990607s1995 sp ||||1| cat d
080 ## - NÚMERO DE LA CLASIFICACIÓN DECIMAL UNIVERSAL
Número de la Clasificación Decimal Universal 75.036(460.23)(064.3)
080 ## - NÚMERO DE LA CLASIFICACIÓN DECIMAL UNIVERSAL
Número de la Clasificación Decimal Universal 75 Gallart, Lluís (064.3)
245 00 - MENCIÓN DEL TÍTULO
Título 13 pintors catalans entorn a l'amic Lluís Gallart
Resto del título : exposició homenatge, Museu de Calella, del 15 d'Abril al 9 de Maig de 1995.
260 ## - PUBLICACIÓN, DISTRIBUCIÓN, ETC.
Lugar de publicación, distribución, etc. Calella :
Nombre del editor, distribuidor, etc. Museu de Calella,
Fecha de publicación, distribución, etc. [1995]
300 ## - DESCRIPCIÓN FÍSICA
Extensión [124] p. :
Otras características físicas il. ;
Dimensiones 16 cm.
500 ## - NOTA GENERAL
Nota general Tit. tomado de la cubierta.
600 14 - PUNTO DE ACCESO ADICIONAL DE MATERIA--NOMBRE DE PERSONA
Nombre de persona Gallart, Lluís-
Subdivisión de forma Exposiciones.
9 (RLIN) 53506
650 #4 - PUNTO DE ACCESO ADICIONAL DE MATERIA--TÉRMINO DE MATERIA
Término de materia o nombre geográfico como elemento de entrada Pintura-
Subdivisión geográfica Cataluña-
Subdivisión cronológica S.XX-
Subdivisión de forma Exposiciones.
9 (RLIN) 148194
655 #7 - TERMINO DE INDIZACIÓN--GENERO/FORMA
Fuente del término tgfbne
9 (RLIN) 193628
Datos o término principal de género/forma Catálogos de exposiciones
710 2# - ENTRADA AGREGADA--NOMBRE DE ENTIDAD CORPORATIVA
Nombre de entidad corporativa o nombre de jurisdicción como elemento de entrada Museu de Calella.
9 (RLIN) 5937
852 ## - LOCALIZACIÓN
Ubicación ES-MaACL
Número de control de estantería L-21953
Sublocalización o colección R.124965
942 ## - ELEMENTOS DE ENTRADA SECUNDARIOS (KOHA)
Fuente del sistema de clasificación o colocación Clasificación decimal universal
Holdings
Estatus retirado Estado de pérdida Estado de daño No para préstamo Biblioteca de origen Biblioteca actual Ubicación en estantería Fecha de adquisición Fuente de adquisición Total de préstamos Signatura topográfica completa Código de barras Visto por última vez Precio de reemplazo Tipo de ítem Koha
        Biblioteca del Ateneo de Madrid Biblioteca del Ateneo de Madrid Depósito 2 17/01/2008     L-21953 1015044 23/02/2023 23/02/2023 Libro impreso